000 00239nam a2200109Ia 4500
005 20251222154309.0
008 251222s9999||||xx |||||||||||||| ||spa||
020 _a84-7530-119-3
082 _a210/O66
245 0 _aAntologĂ­a
942 _cLIB
999 _c33321
_d33321